[Event "URS Army-ch"]
[Site "Tashkent"]
[Date "1987.??.??"]
[Round "?"]
[White "Shabalov, Alexander"]
[Black "Timoshchenko, Gennadi A"]
[Result "0-1"]
[WhiteElo "2375"]
[BlackElo "2495"]

1.d4 d5 2.c4 e6 3.Nc3 Be7 4.Nf3 Nf6 5.Bg5 h6 6.Bxf6 Bxf6 7.e3 O-O 8.Rc1 c6
9.Bd3 Nd7 10.O-O dxc4 11.Bxc4 e5 12.h3 exd4 13.exd4 Nb6 14.Bb3 Bf5 15.Re1 a5
16.a3 Re8 17.Rxe8+ Qxe8 18.Qd2 a4 19.Ba2 Qd7 20.Re1 Rd8 21.Qe3 Kh7 22.Rd1 Bc2
23.Rd2 Bg6 24.Ne4 Bxe4 25.Qxe4+ g6 26.Qc2 Kg7 27.Qc5 Nd5 28.Qa5 b5 29.Ne5 Bxe5
30.dxe5 Qe8 31.Rd1 h5 32.h4 Qd7 33.g3 Re8 34.Bxd5 cxd5 35.Qc3 Qe6 36.Re1 Rc8
37.Qb4 Qd7 38.Qd4 Qe6 39.Qb4 Qd7 40.Rd1 Rc2 41.Qd4 Qe6 42.Rd3 Kg8 43.Kg2 Re2
44.Rc3 Re4 45.Qc5 Rxe5 46.b3 Re1 47.bxa4 Qe4+ 48.Rf3 bxa4 49.Qa7 Qe8 50.Qc5 Rd1
51.Qc7 d4 52.Rf4 d3 53.Rb4 Kh7 54.Rf4 Kg7 55.Qc3+ Kg8 56.Rc4 Kh7  0-1

[Event "URS Army-ch"]
[Site "Tashkent"]
[Date "1987.??.??"]
[Round "?"]
[White "Shabalov, Alexander"]
[Black "Vyzmanavin, Alexey"]
[Result "0-1"]
[WhiteElo "2375"]
[BlackElo "2485"]

1.Nf3 f5 2.d4 Nf6 3.g3 e6 4.Bg2 d5 5.O-O Bd6 6.c4 c6 7.Nc3 O-O 8.Bf4 Bxf4
9.gxf4 Nbd7 10.Ne5 Ne4 11.Nxe4 fxe4 12.e3 Nxe5 13.fxe5 Bd7 14.Qb3 b6 15.cxd5 cxd5
16.Rac1 Qg5 17.Rc7 Be8 18.Kh1 Bh5 19.Qa3 Be2 20.Rg1 Rxf2 21.Bxe4 Rf1 22.Rxf1 Bxf1
23.Qd6 Qg4  0-1

[Event "URS Army-ch"]
[Site "Tashkent"]
[Date "1987.??.??"]
[Round "?"]
[White "Shabalov, Alexander"]
[Black "Pigusov, Evgeny"]
[Result "0-1"]
[WhiteElo "2375"]
[BlackElo "2520"]

1.d4 Nf6 2.c4 e6 3.Nc3 d5 4.Nf3 Be7 5.Bg5 h6 6.Bxf6 Bxf6 7.e3 O-O 8.Rc1 c6
9.Bd3 Nd7 10.O-O dxc4 11.Bxc4 c5 12.Qe2 cxd4 13.exd4 Nb6 14.Bd3 g6 15.Be4 Rb8
16.Rfd1 Bg7 17.Qb5 Bd7 18.Qa5 Na4 19.Qb4 Qb6 20.Qe7 Nxc3 21.Rxc3 Bc6 22.Bxc6 Qxb2
23.Rb3 Qc2 24.Rdb1 Qxc6 25.Rxb7 Bf6 26.Qb4 a5 27.Rb6 Rxb6 28.Qxb6 Qxb6 29.Rxb6 Rd8
30.Kf1 Bxd4 31.Rb5 Bc3 32.Ke2 Kg7 33.a3 Rd5 34.Rxd5 exd5 35.Kd3 Bb2 36.a4 Kf6
37.Nd2 Ba3 38.Nb3 Bb4 39.f3 Ke5 40.Nd4 Kd6 41.Nb3 h5 42.Kd4 Be1 43.Kd3 Ke5
44.Nd4 Bb4 45.Nb3 Ke6 46.Nd4+ Kd6 47.Nb3 Ke5 48.Nd4 h4 49.Nb3 g5 50.Nd4 Bc5
51.Nc6+ Kf4 52.Nd8 Bg1 53.Nxf7 Bxh2 54.Ke2 Bg1 55.Nd8 Kg3 56.Kf1 Bb6 57.Nf7 Kf4
58.Ke2 Kg3 59.Kf1 Be3 60.Ne5 d4 61.Nc4 h3 62.gxh3 Kxf3 63.Nxa5 Kg3 64.Nc4 Kxh3
65.Ke2 g4 66.a5 g3 67.Ne5 g2 68.Nf3 Bf4 69.Kf2 Bb8 70.Kg1 d3 71.Ng5+ Kh4
72.Ne4 d2  0-1

[Event "URS Army-ch"]
[Site "Tashkent"]
[Date "1987.??.??"]
[Round "?"]
[White "Nenashev, Alexander"]
[Black "Shabalov, Alexander"]
[Result "1-0"]
[WhiteElo "2420"]
[BlackElo "2375"]

1.d4 Nf6 2.c4 c5 3.d5 e6 4.Nc3 exd5 5.cxd5 d6 6.e4 g6 7.Bd3 Bg7 8.Nge2 O-O
9.O-O Ng4 10.h3 Ne5 11.Bc2 Na6 12.f4 Nc4 13.b3 Na5 14.Be3 b5 15.e5 dxe5 16.f5 e4
17.fxg6 fxg6 18.Rxf8+ Qxf8 19.Qd2 Qe8 20.Rf1 Bb7 21.d6 Rd8 22.Ng3 Nb4 23.Bxe4 Qe5
24.Bxb7 Qxg3 25.Bd5+ Kh8 26.Bg5 Qxc3 27.Qxc3 Bxc3 28.Be6 Ra8 29.d7 Bd4+ 30.Kh1 Nac6
31.a3 h6 32.axb4 hxg5 33.Bd5 Rd8 34.Bxc6 cxb4 35.Bxb5 Kg7 36.Re1 Kf6 37.Re8 Bb6
38.g4 Bc7 39.Kg2 Bb6 40.Kf3 Kf7 41.Ke4 Kf6 42.Kd5 Kf7 43.Bc6 Kf6 44.Kc4 Ba5
45.Kb5 Bc7 46.Kxb4 Bd6+ 47.Kc4 Be7 48.Kd5 a5 49.Bb5 Kf7 50.Ke5  1-0

[Event "URS Army-ch"]
[Site "Tashkent"]
[Date "1987.??.??"]
[Round "?"]
[White "Legky, Nikolay A"]
[Black "Shabalov, Alexander"]
[Result "1/2-1/2"]
[WhiteElo "2350"]
[BlackElo "2375"]

1.d4 Nf6 2.c4 c5 3.d5 e6 4.Nc3 exd5 5.cxd5 d6 6.Nf3 g6 7.Bf4 a6 8.e4 Bg7
9.Qa4+ Bd7 10.Qb3 b5 11.Bxd6 b4 12.e5 bxc3 13.exf6 Bxf6 14.bxc3 Bf5 15.Bf4 O-O
16.Be2 Re8 17.Be3 Qa5 18.O-O Nd7 19.Rfc1 Rab8 20.Qc4 Nb6 21.Qxa6 Qxa6 22.Bxa6 Nxd5
23.Bd2 Rb2 24.Bc4 Nb6 25.Bf1 Ra8 26.Bg5 Bg7 27.a4 Rxa4 28.Be3 Bf8 29.Rxa4 Nxa4
30.h3 Bg7 31.Ra1 Bd7 32.Rd1 Be8 33.Rd8 Kf8 34.c4 Ke7 35.Ra8 Rb1 36.Bg5+ f6
37.Be3 f5 38.Ra7+ Bd7 39.g3 Bf6 40.h4 Ke8  1/2-1/2

[Event "URS Army-ch"]
[Site "Tashkent"]
[Date "1987.??.??"]
[Round "?"]
[White "Krasenkow, Michal"]
[Black "Shabalov, Alexander"]
[Result "0-1"]
[WhiteElo "2420"]
[BlackElo "2375"]

1.d4 Nf6 2.c4 c5 3.d5 e6 4.Nc3 exd5 5.cxd5 d6 6.e4 g6 7.Bf4 a6 8.Nf3 Bg7
9.Qa4+ Bd7 10.Qb3 b5 11.Bxd6 b4 12.Na4 Nxe4 13.Qe3 Bxa4 14.Qxe4+ Kd7 15.Be5 Re8
16.b3 Qc7 17.d6 Qc6 18.Qe3 Bb5 19.Rc1 Bxf1 20.Rxf1 Qb6 21.Qf4 f6 22.Kd1 Re6
23.Nd2 Rxe5 24.Nc4 Qa7 25.Nxe5+ fxe5 26.Qh4 Kxd6 27.f4 Nc6 28.Qxh7 Qd7 29.Rf2 Kc7+
30.Rd2 Qf7 31.Qh3 Rh8 32.Qe3 exf4 33.Qxc5 Bc3 34.Rd4 Qe6  0-1

[Event "URS Army-ch"]
[Site "Tashkent"]
[Date "1987.??.??"]
[Round "?"]
[White "Huzman, Alexander"]
[Black "Shabalov, Alexander"]
[Result "1-0"]
[WhiteElo "2435"]
[BlackElo "2375"]

1.Nf3 c5 2.c4 b6 3.Nc3 Bb7 4.e3 e6 5.d4 cxd4 6.exd4 Nf6 7.Bd3 Be7 8.O-O h6
9.d5 exd5 10.Nxd5 Nxd5 11.cxd5 Bxd5 12.Nd4 Nc6 13.Nf5 g6 14.Nxe7 Nxe7 15.Bf4 Rc8
16.Re1 Rc6 17.Qa4 g5 18.Bg3 O-O 19.Qxa7 f5 20.f3 Rc5 21.Bf2 Nc6 22.Qa3 Ra5
23.Qc3 b5 24.a3 g4 25.b4 Ra8 26.Qc5 Bb3 27.f4 Qf6 28.Bxb5 Rfc8 29.Bd3 Be6
30.Qd6 Qc3 31.Rac1 Qb3 32.Bc4 Bxc4 33.Qg6+ Kh8 34.Re7  1-0

[Event "URS-ch otbor56"]
[Site "Barnaul"]
[Date "1988.??.??"]
[Round "?"]
[White "Moroz, Alexander"]
[Black "Shabalov, Alexander"]
[Result "1/2-1/2"]
[WhiteElo "2285"]
[BlackElo "2430"]

1.e4 Nf6 2.e5 Nd5 3.d4 d6 4.Nf3 Bg4 5.Be2 e6 6.O-O Be7 7.c4 Nb6 8.Nc3 O-O
9.Be3 a5 10.b3 d5 11.c5 N6d7 12.Qd2 c6 13.a3 f6 14.exf6 Rxf6 15.Rae1 h6 16.Bf4 Qf8
17.Bg3 Bxf3 18.Bxf3 Qf7 19.Bg4 h5 20.Bd1 Na6 21.Na4 Rf8 22.h3 Bd8 23.Bd6 Re8
24.Nb2 b6 25.Qe2 Nc7 26.Nd3 Nb5 27.Qxh5 Nxd4 28.cxb6 Bxb6 29.Ne5 Nxe5 30.Bxe5 Rg6
31.Kh1 Nf5 32.Bc2 Rh6 33.Qg4 Rh4 34.Qg5 Bd8 35.Qd2 Rf8 36.Bd3 Qd7 37.Rc1 Bb6
38.Qe2  1/2-1/2

[Event "URS-ch otbor56"]
[Site "Barnaul"]
[Date "1988.??.??"]
[Round "?"]
[White "Kholmov, Ratmir D"]
[Black "Shabalov, Alexander"]
[Result "1-0"]
[WhiteElo "2475"]
[BlackElo "2430"]

1.e4 e6 2.d4 d5 3.Nd2 Nf6 4.e5 Nfd7 5.c3 c5 6.Bd3 b6 7.Qg4 Ba6 8.Bxa6 Nxa6
9.Ne2 b5 10.O-O Qb6 11.Nf3 c4 12.a3 Nc7 13.h4 a5 14.Bd2 h6 15.Ne1 O-O-O 16.h5 Be7
17.Qxg7 Rdf8 18.Nf3 Ne8 19.Qg3 Rfg8 20.Qh3 Rh7 21.Rae1 Bg5 22.Nxg5 hxg5 23.g4 f6
24.exf6 e5 25.dxe5 Nxe5 26.Nd4 Qxf6 27.Qg3 Nd3 28.Re6 Qf7 29.Rb6 Nf4 30.Re1 Ng7
31.Nxb5 Nf5 32.Nd6+ Nxd6 33.Rxd6 Qc7 34.Bxf4 gxf4 35.Qxf4 Rhg7 36.Qf5+ Kb8
37.Rg6  1-0

[Event "URS-ch otbor56"]
[Site "Barnaul"]
[Date "1988.??.??"]
[Round "?"]
[White "Shabalov, Alexander"]
[Black "Zaichik, Gennadi"]
[Result "1-0"]
[WhiteElo "2430"]
[BlackElo "2510"]

1.d4 d6 2.Nf3 g6 3.c4 Bg7 4.Nc3 Nf6 5.Bf4 Nh5 6.Bg5 h6 7.Be3 f5 8.Qc2 O-O
9.O-O-O Qe8 10.h3 f4 11.Bd2 Na6 12.e3 Bf5 13.e4 Bd7 14.c5 dxc5 15.Bxa6 bxa6
16.dxc5 Rb8 17.Rhe1 e5 18.Nd5 c6 19.Nb4 Be6 20.Qa4 Rb5 21.Nd3 Nf6 22.Bc3 Nd7
23.Qxa6 Bc4 24.Qxc6 Kh7 25.Nb4 Rf7 26.Na6 Qe7 27.b3 Nxc5 28.bxc4 Nd3+ 29.Kd2 Rb6
30.Qa4 Nxf2 31.c5 Qd7+ 32.Qxd7 Rxd7+ 33.Ke2 Nxd1 34.Rxd1 Rxd1 35.cxb6 Rd7
36.Nc5 Rd8 37.b7 Bf8 38.Bxe5  1-0

[Event "URS-ch otbor56"]
[Site "Barnaul"]
[Date "1988.??.??"]
[Round "?"]
[White "Timoshchenko, Gennadi A"]
[Black "Shabalov, Alexander"]
[Result "1-0"]
[WhiteElo "2455"]
[BlackElo "2430"]

1.d4 e6 2.c4 c5 3.d5 exd5 4.cxd5 g6 5.Nc3 d6 6.Nf3 Nf6 7.e4 Bg7 8.Bd3 O-O
9.h3 b5 10.Nxb5 Nxe4 11.Bxe4 Re8 12.Nd2 Ba6 13.a4 Qa5 14.Nxd6 Nd7 15.f3 Be5
16.Kf2 Bxd6 17.Re1 c4 18.Nf1 Nc5 19.Be3 Nxe4+ 20.fxe4 Rxe4 21.Nd2 Re5 22.Nf3 Rxd5
23.Qc2 Rd3 24.Rad1 Qd5 25.Bd4 Rc8 26.Re3 Bf4 27.Rdxd3 Qd6 28.Rc3 Bb7 29.Qe2 Qc6
30.Re7 Rd8 31.Be3 Bb8 32.Rxc4 Qd6 33.Rxb7 Qg3+ 34.Kf1 Re8 35.Bf2  1-0

[Event "GMA-Open"]
[Site "Belgrade"]
[Date "1988.??.??"]
[Round "?"]
[White "Xu Jun"]
[Black "Shabalov, Alexander"]
[Result "1/2-1/2"]
[WhiteElo "2505"]
[BlackElo "2430"]

1.d4 Nf6 2.c4 c5 3.d5 e6 4.Nc3 exd5 5.cxd5 d6 6.e4 g6 7.f3 Bg7 8.Bg5 h6 9.Be3 O-O
10.Qd2 h5 11.a4 Re8 12.Nge2 Nbd7 13.Nd1 Ne5 14.Nec3 Nh7 15.Be2 f5 16.O-O Nf7
17.Nf2 g5 18.exf5 Bxf5 19.Rae1 a6 20.Kh1 Rb8 21.Bd3 Bxd3 22.Nxd3 b5 23.axb5 axb5
24.Ne4 b4 25.Ng3 c4 26.Nf2 c3 27.Qc2 b3 28.Qg6 Ne5 29.Qxh5 Nf6 30.Qh3 Nxd5
31.Nf5 Nxe3 32.Rxe3 cxb2 33.Ng4 Nxg4 34.fxg4 Rxe3 35.Qxe3 Qf6 36.Qd3 Qe5
37.Nxd6 Qd4 38.Qg6 b1=Q 39.Rxb1 Rd8 40.Qe6+ Kh7 41.Qf5+ Kg8 42.Qe6+  1/2-1/2

[Event "GMA-Open"]
[Site "Belgrade"]
[Date "1988.??.??"]
[Round "?"]
[White "Shabalov, Alexander"]
[Black "Bakic, Rados"]
[Result "1-0"]
[WhiteElo "2430"]
[BlackElo "2360"]

1.d4 Nf6 2.c4 g6 3.Nc3 Bg7 4.e4 d6 5.h3 c5 6.d5 O-O 7.Bd3 e6 8.Nge2 exd5
9.cxd5 b6 10.O-O Ba6 11.Bxa6 Nxa6 12.Ng3 Nc7 13.a4 a6 14.f4 b5 15.Qf3 b4
16.Nd1 Re8 17.Nf2 a5 18.f5 Qe7 19.Bg5 Qf8 20.Rad1 Nd7 21.f6 Bh6 22.h4 Ne5
23.Qf4 Bxg5 24.hxg5 c4 25.Kh2 Na6 26.Rh1 Kh8 27.Ne2 Nc5 28.Kg3 Qg8 29.Nc1 h5
30.Rh4 b3 31.Qd2 Nxa4 32.Ne2 Nd3 33.Rdh1 Qh7 34.Nxd3 cxd3 35.Qxd3 Nc5 36.Qf3 Re5
37.Qe3 Rae8 38.Nc3 a4 39.Kf2 Kg8 40.Re1 a3 41.bxa3 Rb8 42.Kg1 Kh8 43.Rb1 b2
44.Qd2 Qg8 45.Rxb2 Rxb2 46.Qxb2 Qe8 47.Qb5 Qxb5 48.Nxb5 Nxe4 49.a4 Nxg5 50.Rd4 Ne4
51.a5 Nxf6 52.a6 Re1+ 53.Kf2 Ra1 54.a7 Kg7 55.Rd3 Nd7 56.Ra3 Rxa3 57.Nxa3 Nb6
58.Nc4 Na8 59.Nxd6 f5 60.Nb5 Kf8 61.d6 Nb6 62.Nc7 g5 63.Nd5  1-0

[Event "GMA-Open"]
[Site "Belgrade"]
[Date "1988.??.??"]
[Round "?"]
[White "Shabalov, Alexander"]
[Black "Kosten, Anthony C"]
[Result "1/2-1/2"]
[WhiteElo "2430"]
[BlackElo "2515"]

1.d4 Nf6 2.c4 e6 3.Nc3 Bb4 4.Qc2 O-O 5.a3 Bxc3+ 6.Qxc3 d6 7.Nf3 Nbd7 8.g3 b6
9.Bg2 Bb7 10.O-O c5 11.b3 Qe7 12.Bb2 cxd4 13.Qxd4 e5 14.Qe3 Nc5 15.h3 Rad8
16.Rad1 Nh5 17.b4 Ne6 18.Ne1 Bxg2 19.Nxg2 Qc7 20.Qf3 g6 21.Qb3 Qc8 22.f4 exf4
23.gxf4 Neg7 24.e4 Qe6 25.Rd5 f5 26.e5 dxe5 27.Rxe5 Qf7 28.Rfe1 Rd7 29.Qc2 Rfd8
30.c5 Rd2 31.Qc3 Qa2 32.R5e2 R2d3 33.Qe5 bxc5 34.bxc5 Qc4 35.Rc1 Rd1+ 36.Re1 Rxe1+
37.Qxe1 Qb5 38.Qc3 Qc6 39.Re1 Rd5 40.Qb3 Ne6 41.Ne3 Rxc5 42.Nxf5 Rxf5 43.Rxe6 Qd5
44.Qxd5 Rxd5 45.Be5 Ra5 46.Bd6 Ra6 47.Re8+ Kf7 48.Rf8+ Kg7 49.Rd8 Kf6 50.Rf8+ Ke6
51.Bb4 Rc6 52.Kg2 Rc2+ 53.Kf3 Rh2 54.Re8+ Kf6 55.Rf8+ Ke6  1/2-1/2

[Event "GMA-Open"]
[Site "Belgrade"]
[Date "1988.??.??"]
[Round "?"]
[White "Shabalov, Alexander"]
[Black "Kozul, Zdenko"]
[Result "1-0"]
[WhiteElo "2430"]
[BlackElo "2505"]

1.d4 Nf6 2.c4 g6 3.Nc3 Bg7 4.e4 d6 5.h3 O-O 6.Be3 e5 7.d5 a5 8.g4 Na6 9.Nge2 h5
10.f3 Nc5 11.Qd2 Nh7 12.O-O-O h4 13.Rg1 a4 14.Kb1 Bd7 15.Nc1 Bf6 16.g5 Be7
17.Nd3 Nxd3 18.Bxd3 c5 19.f4 exf4 20.Bxf4 Re8 21.Rde1 a3 22.b3 Bf8 23.Kc2 Bg7
24.Bxd6 Bd4 25.e5 Ra6 26.Ne4 Bxg1 27.Rxg1 Rxd6 28.exd6 Bf5 29.Qf4 Bxe4 30.Bxe4 Qd7
31.Rg4 Rd8 32.Rxh4 Qe8 33.Rg4 Qf8 34.Qe5 Rxd6 35.Rf4 Qd8 36.h4 Nf8 37.Bf3 Rd7
38.Re4 b5 39.Bg4 Rd6 40.Qe7 Qb8 41.Qe8 Rd8 42.Qe5 Qb7 43.Be2 Rd7 44.Bd3 Rd8
45.Re2 Qd7 46.Qe7 bxc4 47.Bxc4 Qf5+ 48.Kc3 Qh3+ 49.Kc2 Qf5+ 50.Kc3 Qh3+ 51.Kd2 Rd7
52.Qxc5 Ne6 53.Qf2 Ng7 54.Qf4 Nh5 55.Qe3 Ng3 56.Rf2 Kh7 57.h5 Qh4 58.hxg6+ fxg6
59.Rf3 Qh2+ 60.Kd3 Nh5 61.Qe8 Rg7 62.Rf8 Qg3+ 63.Qe3 Qd6 64.Re8 Qh2 65.b4 Qd6
66.Kc3 Qh2 67.Kb3 Ng3 68.Re7 Nf5 69.Rxg7+ Kxg7 70.Qa7+ Kh8 71.Qa8+ Kh7 72.Qb7+ Ng7
73.Kxa3 Qg3+ 74.Ka4 Qxg5 75.d6 Kh6 76.d7 Qd2 77.Qd5  1-0

[Event "GMA-Open"]
[Site "Belgrade"]
[Date "1988.??.??"]
[Round "?"]
[White "Shabalov, Alexander"]
[Black "Watson, William N"]
[Result "1/2-1/2"]
[WhiteElo "2430"]
[BlackElo "2500"]

1.d4 Nf6 2.Nf3 g6 3.g3 Bg7 4.Bg2 O-O 5.O-O d6 6.Nbd2 Nc6 7.Nc4 Be6 8.Ne3 Bd7
9.c4 e5 10.d5 Ne7 11.c5 Ne8 12.Nc4 f5 13.Qb3 e4 14.Ng5 h6 15.c6 bxc6 16.dxc6 Rb8
17.Nb6+ d5 18.cxd7 Rxb6 19.dxe8=Q Qxe8 20.Qc2 hxg5 21.Bxg5 Nc6 22.Rab1 Nd4
23.Qd1 Qb5 24.e3 Ne6 25.Be7 Rf7 26.a4 Qb3 27.Ba3 c5 28.Re1 d4 29.f3 Qxd1
30.Rbxd1 dxe3 31.fxe4 f4 32.gxf4 Nxf4 33.Rd8+ Kh7 34.a5 Rb3 35.e5 Rf5 36.Bd5 Nxd5
37.Rxd5 Bxe5 38.Rxc5 e2 39.Rc4 Bxb2 40.Bxb2 Rxb2 41.Rc7+ Kh6 42.Rxa7 Rd2  1/2-1/2

[Event "GMA-Open"]
[Site "Belgrade"]
[Date "1988.??.??"]
[Round "?"]
[White "Sokolov, Ivan"]
[Black "Shabalov, Alexander"]
[Result "1-0"]
[WhiteElo "2570"]
[BlackElo "2430"]

1.c4 e5 2.g3 d6 3.Bg2 c5 4.b4 Ne7 5.Nf3 Nbc6 6.bxc5 dxc5 7.Nc3 Ng6 8.Rb1 Bd6
9.d3 O-O 10.Nd2 f5 11.Ba3 e4 12.dxe4 f4 13.Nf3 Be6 14.O-O Nge5 15.Nxe5 Nxe5
16.Rxb7 Bxc4 17.Nb5 Be7 18.Qxd8 Bxd8 19.Bxc5 f3 20.exf3 Rf7 21.Rxf7 Nxf7
22.Rb1 a6 23.Na7 Bxa2 24.Rb2 Bc4 25.f4 Bc7 26.e5 Rd8 27.h4 a5 28.Rb7 Rd7
29.Nc6 Nd8 30.Nxd8 Rd1+ 31.Kh2 Bxd8 32.Bd6  1-0

[Event "URS-ch sf"]
[Site "Riga"]
[Date "1988.??.??"]
[Round "?"]
[White "Naumkin, Igor"]
[Black "Shabalov, Alexander"]
[Result "1-0"]
[WhiteElo "2440"]
[BlackElo "2430"]

1.d4 Nf6 2.c4 e6 3.Nf3 c5 4.d5 b5 5.Bg5 bxc4 6.Nc3 Qb6 7.e4 Qxb2 8.Bd2 Ba6
9.Rb1 Qa3 10.Ne5 Nxe4 11.Nxe4 exd5 12.Qh5 g6 13.Nf6+ Ke7 14.Nxd5+ Ke6 15.Nxc4 Bxc4
16.Qg4+ Kxd5 17.Bxc4+ Kd6 18.Qf4+ Kc6 19.Qe4+ Kc7 20.Qb7+ Kd6 21.Rd1 Qa4
22.Bg5+  1-0

[Event "URS-ch sf"]
[Site "Riga"]
[Date "1988.??.??"]
[Round "?"]
[White "Fokin, Sergey"]
[Black "Shabalov, Alexander"]
[Result "1/2-1/2"]
[WhiteElo "2380"]
[BlackElo "2400"]

1.d4 Nf6 2.c4 e6 3.Nf3 c5 4.d5 b5 5.dxe6 fxe6 6.cxb5 Bb7 7.Nbd2 Be7 8.g3 O-O
9.Bg2 a6 10.bxa6 Rxa6 11.O-O Nc6 12.b3 Qa8 13.a3 Nd4 14.Bb2 Ng4 15.Bh3 h5
16.Nxd4 cxd4 17.Bxd4 e5 18.Bxg4 hxg4 19.Bxe5 Qe8 20.Bd4 Qh5 21.f3 Rd6 22.e3 Rh6
23.Rf2 Bxf3 24.Nxf3 Rxf3 25.Rg2 Bd6 26.Raa2 Bxg3 27.Bxg7 Kxg7 28.Qxd7+ Rf7
29.Qd4+ Be5 30.Qxg4+ Qxg4 31.Rxg4+ Kf8 32.b4 Rh3 33.Re4 Rg7+ 34.Kf1 Bxh2
35.Rf2+ Kg8 36.Ke2 Bg1 37.Re8+ Kh7 38.Rff8 Rh2+ 39.Kf1 Ra2 40.Rh8+ Kg6 41.Rhg8 Ra1+
42.Ke2 Rxa3 43.Re6+ Kh7 44.Rge8 Rb3 45.Re4 Bxe3  1/2-1/2

[Event "URS-ch sf"]
[Site "Riga"]
[Date "1988.??.??"]
[Round "?"]
[White "Levin, Felix"]
[Black "Shabalov, Alexander"]
[Result "1/2-1/2"]
[WhiteElo "2320"]
[BlackElo "2420"]

1.d4 Nf6 2.Nf3 e6 3.g3 b5 4.Bg2 Bb7 5.O-O Be7 6.Bg5 O-O 7.Nbd2 d5 8.c3 Nbd7
9.Qb3 a5 10.Qxb5 Ba6 11.Qa4 Bxe2 12.Rfe1 Bxf3 13.Nxf3 c5 14.Ne5 Nxe5 15.Bxf6 gxf6
16.dxe5 c4 17.exf6 Bxf6 18.Qc2 Ra6 19.Rad1 Qb6 20.Qe2 Rb8 21.Rd2 Qc5 22.h4 Rab6
23.Rc1 Bg7 24.Kh2 Rd6 25.f4 Rbd8 26.Rdd1 Qb5 27.Rc2 Qa4 28.a3 Qb5 29.Rcc1 d4
30.cxd4 Rxd4 31.Rxd4 Rxd4 32.Rc3 Qa4 33.b3 Qxa3 34.Rxc4 Rd8 35.Qc2 Qd6  1/2-1/2

[Event "URS-ch sf"]
[Site "Riga"]
[Date "1988.??.??"]
[Round "?"]
[White "Shabalov, Alexander"]
[Black "Nenashev, Alexander"]
[Result "1-0"]
[WhiteElo "2430"]
[BlackElo "2445"]

1.d4 Nf6 2.c4 e6 3.Nf3 Bb4+ 4.Bd2 Qe7 5.Qc2 O-O 6.e4 d5 7.e5 Ne4 8.Bxb4 Qxb4+
9.Nc3 c5 10.a3 Qa5 11.dxc5 Nc6 12.Rc1 f5 13.exf6 Nxf6 14.Qd2 Rd8 15.Nb5 Qxd2+
16.Nxd2 Bd7 17.Be2 Rdc8 18.Nf3 Ne4 19.Nd6 Rc7 20.cxd5 exd5 21.O-O Nf6 22.b4 Bg4
23.Rfd1 Re7 24.Rc2 a6 25.h3 Bh5 26.Rb2 h6 27.g4 Bg6 28.Nh4 Bh7 29.Nhf5 Bxf5
30.Nxf5 Rd7 31.Bf3 Kf8 32.Bg2 Rad8 33.Rbd2 a5 34.b5 Ne5 35.Rc2 Rc8 36.f4 Nc4
37.g5 Nxa3 38.Ra2 Nxb5 39.gxf6 g6 40.Ne7 Nc3 41.Nxc8  1-0

[Event "URS-ch sf"]
[Site "Riga"]
[Date "1988.??.??"]
[Round "?"]
[White "Shabalov, Alexander"]
[Black "Kozlov, Vladimir N"]
[Result "1/2-1/2"]
[WhiteElo "2430"]
[BlackElo "2410"]

1.d4 Nf6 2.c4 d6 3.Nc3 e5 4.d5 a5 5.e4 Be7 6.h3 O-O 7.g4 Na6 8.Nge2 Ne8 9.Ng3 Bg5
10.Be2 Nc5 11.Bxg5 Qxg5 12.h4 Qe7 13.Qd2 g6 14.O-O-O Qf6 15.Rh2 Qf4 16.g5 Qxd2+
17.Kxd2 f6 18.gxf6 Bd7 19.Rg1 Nxf6 20.f3 Kf7 21.Nd1 Rg8 22.Ne3 Raf8 23.b3 Ke8
24.Rb1 Ke7 25.Bd1 Ra8 26.Bc2 Na6 27.a3 c5 28.dxc6 bxc6 29.h5 Rab8 30.hxg6 hxg6
31.Kc3 Rgc8 32.Rd1 Be6 33.Kb2 Nc5 34.Ka2 Rh8 35.Rxh8 Rxh8 36.Rh1 Rb8 37.Rd1 Nh5
38.Nxh5 gxh5 39.Rh1 Rh8 40.b4 axb4 41.axb4 Na6 42.Kb3 Rb8 43.Rxh5 Nxb4 44.Rh7+ Kf6
45.Kc3 Nxc2 46.Kxc2 Ra8 47.Rh6+ Ke7 48.Rh7+ Kf6 49.Rh6+  1/2-1/2

[Event "URS-ch sf"]
[Site "Riga"]
[Date "1988.??.??"]
[Round "?"]
[White "Semeniuk, Alexander A"]
[Black "Shabalov, Alexander"]
[Result "1-0"]
[WhiteElo "2355"]
[BlackElo "2430"]

1.e4 d5 2.exd5 Qxd5 3.Nc3 Qa5 4.d4 Nf6 5.Nf3 Bg4 6.h3 Bh5 7.Be2 Nc6 8.O-O O-O-O
9.Be3 Bxf3 10.Bxf3 e5 11.d5 Bb4 12.Qd3 Ne7 13.Rfd1 Bxc3 14.bxc3 Nexd5 15.Qf5+ Kb8
16.Qxe5 Qxc3 17.Bd4 Qxc2 18.Rac1 Qa4 19.Qg3 Rc8 20.Qxg7 Rhg8 21.Qxf7 Rcf8
22.Qe6 c6 23.Bxf6 Nxf6 24.Rxc6 Qf4 25.Rc4 Qxf3 26.Qd6+ Ka8 27.Qxf8+ Rxf8
28.gxf3 a6 29.Rf4 Rg8+ 30.Kf1 Nh5 31.Rf5 Ng7 32.Rg5  1-0

[Event "URS-ch sf"]
[Site "Riga"]
[Date "1988.??.??"]
[Round "?"]
[White "Yurtaev, Leonid"]
[Black "Shabalov, Alexander"]
[Result "0-1"]
[WhiteElo "2485"]
[BlackElo "2430"]

1.e4 e6 2.d4 d5 3.Nc3 Nf6 4.Bg5 Bb4 5.e5 h6 6.Bd2 Bxc3 7.bxc3 Ne4 8.Qg4 Kf8
9.h4 c5 10.Rh3 Nc6 11.Bd3 Nxd2 12.Kxd2 c4 13.Be2 b5 14.Rg3 Rg8 15.Qf4 a5
16.Bh5 Qe7 17.Rf3 Nd8 18.Ne2 b4 19.Rb1 Bd7 20.g4 Rb8 21.cxb4 axb4 22.a3 Ke8
23.g5 hxg5 24.hxg5 g6 25.Bg4 b3 26.Nc3 Qxa3 27.Nxd5 exd5 28.e6 Qa5+ 29.Rc3 Bxe6
30.Qxb8 Bxg4 31.Re1+ Kd7 32.cxb3 Qa2+ 33.Rc2 Qxb3 34.Qa7+ Qb7 35.Qa3 Nc6
36.Rb2 Qc7 37.Kc1 Rb8 38.Rxb8 Qxb8 39.Qe3 Be6  0-1

[Event "Vilnius"]
[Site "Vilnius"]
[Date "1988.??.??"]
[Round "?"]
[White "Shabalov, Alexander"]
[Black "Rozentalis, Eduardas"]
[Result "1/2-1/2"]
[WhiteElo "2400"]
[BlackElo "2520"]

1.Nf3 Nf6 2.c4 e6 3.g3 b6 4.Bg2 Bb7 5.O-O Be7 6.d4 O-O 7.Qc2 c5 8.dxc5 bxc5
9.Nc3 d5 10.Rd1 Nbd7 11.cxd5 exd5 12.Ng5 h6 13.Nh3 Nb6 14.a4 a5 15.Nf4 Rb8
16.e3 Qd7 17.Bd2 Bc6 18.Be1 Rfd8 19.Nb5  1/2-1/2

[Event "Vilnius"]
[Site "Vilnius"]
[Date "1988.??.??"]
[Round "?"]
[White "Shabalov, Alexander"]
[Black "Krasenkow, Michal"]
[Result "0-1"]
[WhiteElo "2400"]
[BlackElo "2460"]

1.d4 Nf6 2.Nf3 g6 3.Bg5 Bg7 4.Nbd2 d5 5.e3 c5 6.c3 b6 7.Bb5+ Bd7 8.Bd3 Nc6
9.O-O O-O 10.Re1 Bf5 11.Bxf6 Bxd3 12.Bxg7 Kxg7 13.dxc5 bxc5 14.Nb3 c4 15.Nbd4 Nxd4
16.exd4 Bf5 17.Qd2 Rb8 18.b4 cxb3 19.axb3 Rxb3 20.Rxa7 Re8 21.Qe3 Rb1 22.Rxb1 Bxb1
23.h4 Qd6 24.Ne5 Qe6 25.Qc1 f6 26.Nd7 Bf5 27.Nc5 Qe2 28.Qe3 Qxe3 29.fxe3 Kf7
30.Kf2 Rb8 31.Nb7 Kf8 32.Kf3 Be4+ 33.Kg3 Bf5 34.Kf4 h5 35.g3 Ke8 36.Kf3 Bc8
37.Nc5 Bg4+ 38.Kf4 Rb1 39.e4 Rf1+ 40.Ke3 Rf3+ 41.Kd2 dxe4 42.Nxe4 Bf5 43.Nc5 Rxg3
44.d5 Rg2+ 45.Ke1 Rg4 46.Ra8+ Kf7 47.Ra7 Rc4 48.Nb7 Rxc3 49.Nd6+ Kf8 50.Nxf5 gxf5
51.d6 exd6 52.Rh7 Rc5 53.Kf2 Re5 54.Kf3 d5 55.Kf4 d4 56.Rd7 Ke8 57.Rxd4 Re4+
58.Rxe4+ fxe4 59.Kxe4 Ke7 60.Kf5 Kf7 61.Ke4 Ke6 62.Kf4 f5  0-1

[Event "Vilnius"]
[Site "Vilnius"]
[Date "1988.??.??"]
[Round "?"]
[White "Shabalov, Alexander"]
[Black "Naumkin, Igor"]
[Result "1/2-1/2"]
[WhiteElo "2400"]
[BlackElo "2485"]

1.d4 Nf6 2.c4 e6 3.Nc3 Bb4 4.Qc2 O-O 5.Nf3 b6 6.e4 c5 7.e5 cxd4 8.a3 dxc3
9.axb4 cxb2 10.Bxb2 Ne8 11.Bd3 f5 12.exf6 Nxf6 13.Ng5 h6 14.Nh7 Nxh7 15.Bxh7+ Kh8
16.O-O Nc6 17.b5 Ne7 18.Ra3 Qc7 19.Re1 d6 20.Be4 Rb8 21.Rea1 e5 22.Rxa7 Bb7
23.Qd2 Nf5 24.Rd1 Qc8 25.Qd3 Bxe4 26.Qxe4 Qe6 27.h3 Rbc8 28.Rc1 Qf6 29.Rb7  1/2-1/2

[Event "Vilnius"]
[Site "Vilnius"]
[Date "1988.??.??"]
[Round "?"]
[White "Shabalov, Alexander"]
[Black "Epishin, Vladimir"]
[Result "1/2-1/2"]
[WhiteElo "2400"]
[BlackElo "2475"]

1.d4 d5 2.c4 e6 3.Nf3 Nf6 4.Nc3 Be7 5.Bg5 h6 6.Bxf6 Bxf6 7.e3 O-O 8.Rc1 c6
9.Bd3 Nd7 10.O-O dxc4 11.Bxc4 e5 12.h3 exd4 13.exd4 Nb6 14.Bb3 a5 15.a3 Bf5
16.Re1 Re8 17.Rxe8+ Qxe8 18.Qd2 Qd7 19.Re1 Re8 20.Rxe8+ Qxe8 21.Qf4 Be6 22.Bxe6 Qxe6
23.Qc7 Nc4 24.Qxb7 Bxd4 25.Nxd4 Qe1+ 26.Kh2 Qe5+ 27.g3 Qxd4 28.Kg2 c5 29.Qc8+ Kh7
30.Qf5+ Kg8 31.Qc8+  1/2-1/2

[Event "Vilnius"]
[Site "Vilnius"]
[Date "1988.??.??"]
[Round "?"]
[White "Shabalov, Alexander"]
[Black "Dokhoian, Yury"]
[Result "1-0"]
[WhiteElo "2400"]
[BlackElo "2515"]

1.d4 d5 2.c4 c6 3.Nf3 Nf6 4.Nc3 dxc4 5.a4 Bf5 6.Ne5 e6 7.f3 Bb4 8.e4 Bxe4
9.fxe4 Nxe4 10.Bd2 Qxd4 11.Nxe4 Qxe4+ 12.Qe2 Bxd2+ 13.Kxd2 Qd5+ 14.Kc2 O-O
15.Qe3 f6 16.Nxc4 Na6 17.Be2 Qf5+ 18.Kb3 Nc5+ 19.Ka2 Nxa4 20.Rhd1 Qb5 21.b3 Nb6
22.Qxe6+ Kh8 23.Nd6 Qc5 24.Rac1 Qf2 25.Rc2 g6 26.Qe7 Qxg2 27.Nf7+ Kg8 28.Nd8 Qg5
29.Ne6 Qa5+ 30.Kb1  1-0

[Event "Vilnius"]
[Site "Vilnius"]
[Date "1988.??.??"]
[Round "?"]
[White "Akopian, Vladimir"]
[Black "Shabalov, Alexander"]
[Result "0-1"]
[WhiteElo "2460"]
[BlackElo "2400"]

1.e4 c5 2.Nf3 e6 3.d4 cxd4 4.Nxd4 Nf6 5.Nc3 d6 6.g4 Nc6 7.g5 Nd7 8.Be3 Be7
9.h4 O-O 10.Qd2 Nde5 11.Be2 Na5 12.O-O-O Bd7 13.Nb3 Nac4 14.Bxc4 Nxc4 15.Qd4 b5
16.Nd2 Nxe3 17.fxe3 Qc7 18.Nf3 Rfc8 19.h5 Be8 20.h6 Bf8 21.Rd2 g6 22.Kb1 Qb7
23.Rh4 b4 24.Nd1 a5 25.Qf6 a4 26.Nd4 e5 27.Ne2 Rab8 28.Nc1 Qc6 29.Qf2 Bd7
30.Ka1 Be6 31.Qg2 b3 32.Rh2 a3 33.axb3 Bxb3 34.Nxb3 Rxb3 35.c3 Qa4 36.Kb1 Ra8
37.Qe2 Qxe4+ 38.Qd3 axb2 39.Nxb2 Qa4 40.Kc1 Qa1+  0-1